LEADER 01152nam a2200301 a 4500 001 000000125280 003 CaOOAMICUS 005 20110513093057.0 008 110513s2010 it u000 u ita r 020 $a978-88-348-0067-6 040 $aPUL$bita 082 04$a342 100 1 $aVignudelli, Aljs.$0(OLS)http://pul/name/50555 245 10$aDiritto costituzionale /$cAljs Vignudelli. 250 $a5. ed., ristampa emendata. 260 $aTorino :$bG. Giappichelli,$cİ2010. 300 $aXXV, 1123 p. ;$c25 cm 500 $aInclude indice. 504 $aInclude riferimenti bibliografici. 650 4$aDiritto costituzionale$zItalia.$0(OLS)http://pul/subject/5313 850 $aPUL 852 $aPUL$W1$xDP2 Diritto e Scienze Sociali 3$y110$m342 VIGAL 1$j144277$qDDC 21$B143306$CPULBib$Z2$F143306 $H116294 $82 941 1 $a9 996 $6020$a978-88-348-0067-6$9(OLS)http://pul/number/147129 996 $6082$a342$9(OLS)http://pul/classification/678 996 $6245$aDiritto costituzionale$9(OLS)http://pul/title/51319 996 $6260$aTorino :$bG. Giappichelli$9(OLS)http://pul/publisher/49130 LEADER 01022nam a2200253 a 4500 001 000000150475 003 CaOOAMICUS 005 20160315135506.0 008 160315s1929 it u000 u lat r 032 $aLibriCat 040 $aPUL$bita 041 1 $aita$alat 100 1 $aCapo, Nazareno.$0(OLS)http://pul/name/95805 245 10$aCarmina selecta solutae orationis exempla et frustula varia /$cNazareno Capo. 260 $aGrottaferrata :$bScuola Tip. italo-orientale S. Nilo,$c1929. 300 $a136 p. ;$c21 cm. 500 $aTesto in italiano e latino 650 04$aLetteratura latina$xTesti.$0(OLS)http://pul/subject/16429 850 $aPUL 852 $aPUL$W1$xDP1 Cons. Gen., Altre Classi 1$y22$m679 E 23$j172990$qStampati$B174982$CPULBib$Z2$F174982 $81 941 1 $a8 996 $6245$aCarmina selecta solutae orationis exempla et frustula varia$9(OLS)http://pul/title/189616 996 $6260$aGrottaferrata :$bScuola Tip. italo-orientale S. Nilo$9(OLS)http://pul/publisher/76869